01276cam a22003375a 4500001000700000003000400007005001700011008004100028010001700069020001800086020001500104025002200119037006000141040001800201041001300219042001000232050002700242082002200269100005100291245011200342260005700454300003400511500001300545600007300558700001600631700003200647906004500679942005000724952014700774999001700921194302OSt20260305114705.0981113s1998 ii a 000 1 eng  a 98908651  a9780140276596 a0140276599 aI-E-98-908651; 25 bLibrary of Congress -- New Delhi Field OfficecRs295.00 aDLCcDLCdDLC1 aenghmal alcode00aPL4718.9.V32bD46 1998 a894.812371bNAI/D1 aVāsudēvan Nāyar, Eṃ. Ti.,d1933-9942614aThe demon seed and other writings /cM.T. Vasudevan Nair ; translated by V. Abdulla and Gita Krishnankutty. aNew Delhi ;aNew York. N.Y. :bPenguin Books,c1998. axiv, 470 p. :bill. ;c21 cm. aFiction.10aVāsudēvan Nāyar, Eṃ. Ti.,d1933-vTranslations into English.1 aAbdulla, V.1 aKrishnankutty, Gita,d1935- a7bibccorigoded3encipf19gy-gencatlg 2ddccBKh894.812371iNAI/Dk894.812371mNAI/D 00102ddc40708SSaMESbMEScENGd2023-09-07l1m1o894.812371 NAI/Dp42350r2025-02-18 11:29:43s2025-01-24v599.00w2023-09-07yBKzGR14R1 c42127d42127